Barnsley Trivia - Statistics

General Stats
  • This quiz has been taken 17 times
  • The average score is 8 of 15
Answer Stats
Question Answer % Correct
What is the name of Barnsley’s stadium? Oakwell Stadium
100%
What is Barnsley’s nickname? The {Tykes}
92%
Who is the current manager of Barnsley? Conor Hourihane
69%
Which fellow-South Yorkshire club did Barnsley fans vote as the club’s biggest rivals in a 2019 poll? Sheffield Wednesday
69%
Who is the current captain of Barnsley? Luca Connell
62%
In 2008, Barnsley knocked which club, the reigning champions, out of the FA Cup by beating them 1-0 in the Quarter-Finals? Chelsea
54%
Which manager guided Barnsley to the Premier League in 1997, for their first and only season in the top flight? Danny Wilson
54%
Who scored the winner as Barnsley beat Oxford United 3-2 in the 2016 Johnstone’s Paint Trophy Final? Adam Hammill
46%
Who is Barnsley’s record sale, joining Swansea City for £5m in 2017? Alfie Mawson
46%
Who was Barnsley’s top scorer in both their 1996/97 promotion campaign and in their only Premier League season? Neil Redfearn
46%
Which club did Barnsley beat 1-0 in the replay of the 1912 FA Cup Final, having drawn the first match 0-0? West Bromwich Albion
46%
Which Englishman is Barnsley’s record appearance-maker with 569? Barry Murphy
38%
Barnsley was founded in 1887 under what name? Barnsley St Peter's
31%
Who is Barnsley’s record signing, arriving from FK Partizan in 1997 for £2m? Georgi Hristov
31%
Which Englishman is Barnsley’s record goalscorer with 131? Ernie Hine
8%
No matching quizzes found
Score Distribution
Percent of People with Each Score
Percentile by Number Answered
Your Score History
You have not taken this quiz